<?xml version="1.0" encoding="UTF-8"?>
<record
    xmlns:xsi="http://www.w3.org/2001/XMLSchema-instance"
    xsi:schemaLocation="http://www.loc.gov/MARC21/slim http://www.loc.gov/standards/marcxml/schema/MARC21slim.xsd"
    xmlns="http://www.loc.gov/MARC21/slim">

  <leader>01425cam a2200253 a 4500</leader>
  <datafield tag="999" ind1=" " ind2=" ">
    <subfield code="c">7535</subfield>
    <subfield code="d">7535</subfield>
  </datafield>
  <datafield tag="020" ind1=" " ind2=" ">
    <subfield code="a">0300077408 (h/b)</subfield>
  </datafield>
  <datafield tag="020" ind1=" " ind2=" ">
    <subfield code="a">0300077424 (p/b)</subfield>
  </datafield>
  <datafield tag="022" ind1=" " ind2=" ">
    <subfield code="a">9780300077421</subfield>
  </datafield>
  <datafield tag="050" ind1="0" ind2="0">
    <subfield code="a">N6915</subfield>
    <subfield code="b">.C45 </subfield>
  </datafield>
  <datafield tag="245" ind1="0" ind2="4">
    <subfield code="a">The changing status of the artist /</subfield>
    <subfield code="c">edited by Emma Barker, Nick Webb, and Kim Woods.</subfield>
  </datafield>
  <datafield tag="260" ind1=" " ind2=" ">
    <subfield code="a">New Haven :</subfield>
    <subfield code="b">Yale University Press in association with the Open University,</subfield>
    <subfield code="c">1999.</subfield>
  </datafield>
  <datafield tag="300" ind1=" " ind2=" ">
    <subfield code="a">260 p. :</subfield>
    <subfield code="b">ill. (some col.) ;</subfield>
    <subfield code="c">27 cm.</subfield>
  </datafield>
  <datafield tag="440" ind1=" " ind2="0">
    <subfield code="a">Art and its histories ;</subfield>
  </datafield>
  <datafield tag="500" ind1=" " ind2=" ">
    <subfield code="a">Series numbering taken from book jacket.</subfield>
  </datafield>
  <datafield tag="505" ind1=" " ind2=" ">
    <subfield code="a">"Little desire for glory" : the case of Ambrogio and Pietro Lorenzetti / Diana Norman --
Italian artists in search of virtue, fame, and honour c.1450-1650 / Catherine King --
Benvenuto Cellini and the salt-cellar / Colin Cunningham and Kim Woods --
Status of the artist in Northern Europe in the sixteenth century ; Commercial sculpture / Kim Woods --
Genius and melancholy : the art of D&#xFC;rer / Paul Wood --
Pieter Bruegel the Elder and the northern canon / Kim Woods --
Making of a canonical artist : Vermeer / Emma Barker --
Subjects, society, style : changing evaluations of Watteau and his art / Linda Walsh.</subfield>
  </datafield>
  <datafield tag="650" ind1=" " ind2="0">
    <subfield code="a">Artists</subfield>
    <subfield code="x">History</subfield>
  </datafield>
  <datafield tag="650" ind1=" " ind2="0">
    <subfield code="a">Artists</subfield>
    <subfield code="x">Social conditions.</subfield>
  </datafield>
  <datafield tag="650" ind1=" " ind2="0">
    <subfield code="a">Artists</subfield>
    <subfield code="x">History</subfield>
  </datafield>
  <datafield tag="650" ind1=" " ind2="0">
    <subfield code="a">Artists</subfield>
    <subfield code="x">Social conditions.</subfield>
  </datafield>
  <datafield tag="700" ind1="1" ind2=" ">
    <subfield code="a">Barker, Emma.</subfield>
  </datafield>
  <datafield tag="700" ind1="1" ind2=" ">
    <subfield code="a">Webb, Nick,</subfield>
  </datafield>
  <datafield tag="700" ind1="1" ind2=" ">
    <subfield code="a">Woods, Kim.</subfield>
  </datafield>
  <datafield tag="942" ind1=" " ind2=" ">
    <subfield code="c">BK</subfield>
  </datafield>
  <datafield tag="952" ind1=" " ind2=" ">
    <subfield code="0">0</subfield>
    <subfield code="1">0</subfield>
    <subfield code="4">0</subfield>
    <subfield code="7">0</subfield>
    <subfield code="8">REF</subfield>
    <subfield code="a">MUCGM</subfield>
    <subfield code="b">MUCGM</subfield>
    <subfield code="c">GEN</subfield>
    <subfield code="d">2009-10-26</subfield>
    <subfield code="l">0</subfield>
    <subfield code="o">N6915 .C45</subfield>
    <subfield code="p">31604</subfield>
    <subfield code="r">2021-01-26 00:00:00</subfield>
    <subfield code="w">2021-01-26</subfield>
    <subfield code="y">BK</subfield>
  </datafield>
</record>
